000 00524nam a22001817a 4500
003 LK-CoMWRAF
005 20231120142620.0
008 231120b |||||||| |||| 00| 0 eng d
040 _aLK-CoMWRAF
_dLK-CoMWRAF
_eLK-CoMWRAF
041 _aeng
082 _a821
_bGCE
245 _aG C E (O/L) English Literature :
_bPoems with study materials
250 _aDevised & enlarged Edition
260 _aKalutara :
_bDenuma publishers,
_c1996
650 _aEnglish Literature--Poems
700 _aHewage, A. K.
_eed.
942 _cBK
999 _c4165
_d4165